|
|
|
|
| LEADER |
00000nam0a2200000 4500 |
| 001 |
262703 |
| 005 |
20231031222141.0 |
| 010 |
|
|
|a 5120001246
|
| 035 |
|
|
|a (RuTPU)RU\TPU\book\285686
|
| 090 |
|
|
|a 262703
|
| 100 |
|
|
|a 20140603d1988 k y0rusy50 ca
|
| 101 |
0 |
|
|a rus
|
| 102 |
|
|
|a UA
|
| 105 |
|
|
|a y z 001zy
|
| 200 |
1 |
|
|a Социально-экономическое развитие Украинской ССР в 80-е гг.
|f Академия наук Украинской ССР (АН УССР), Институт истории ; под ред. А. В. Лихолата
|
| 210 |
|
|
|a Киев
|c Наукова думка
|d 1988
|
| 215 |
|
|
|a 133 с.
|
| 333 |
|
|
|a Исключено из фонда НТБ ТПУ
|
| 702 |
|
1 |
|a Лихолат
|b А. В.
|4 340
|
| 712 |
0 |
2 |
|a Академия наук Украинской ССР (АН УССР)
|b Институт истории
|c (Киев)
|
| 801 |
|
1 |
|a RU
|b 63413507
|c 20140603
|
| 801 |
|
2 |
|a RU
|b 63413507
|c 20220314
|g RCR
|
| 942 |
|
|
|c BK
|